Kidnapped / (Record no. 5884)
[ view plain ]
| 000 -LEADER | |
|---|---|
| fixed length control field | 00530nam a2200217 4500 |
| 003 - CONTROL NUMBER IDENTIFIER | |
| JCCL marc code | BD-JhCC |
| 005 - DATE AND TIME OF LATEST TRANSACTION | |
| control field | 20191103134007.0 |
| 008 - FIXED-LENGTH DATA ELEMENTS--GENERAL INFORMATION | |
| fixed length control field | 891009s ii a 000 1 eng d |
| 020 ## - INTERNATIONAL STANDARD BOOK NUMBER | |
| Cancelled/invalid ISBN | 8121926092 |
| 035 ## - SYSTEM CONTROL NUMBER | |
| system control number | (BD-JhCC) |
| 040 ## - CATALOGING SOURCE | |
| Original cataloging agency | BD-JhCC |
| Modifying agency | BD-JhCC |
| 041 ## - LANGUAGE CODE | |
| Language code of Book | eng |
| 082 ## - DEWEY DECIMAL CLASSIFICATION NUMBER | |
| Classification number | 823.912 |
| Author mark and Year | STA |
| 100 1# - MAIN ENTRY--PERSONAL NAME | |
| Personal name | Stevenson, R. L., |
| 245 10 - TITLE STATEMENT | |
| Title | Kidnapped / |
| Statement of responsibility, etc | R. L. Stevenson |
| 260 ## - PUBLICATION, DISTRIBUTION, ETC. (IMPRINT) | |
| Place of publication, distribution, etc | New Delhi :: |
| Name of publisher, distributor, etc | S. Chand & Company Ltd, |
| 300 ## - PHYSICAL DESCRIPTION | |
| Pagination | 114 p ; |
| Dimensions | 22 cm |
| 650 ## - SUBJECT ADDED ENTRY--TOPICAL TERM | |
| Topical term or geographic name as entry element | Storirs |
| 942 ## - ADDED ENTRY ELEMENTS (KOHA) | |
| Source of classification or shelving scheme | Dewey Decimal Classification |
| Koha item type | Books |
| Koha issues (borrowed), all copies | 5 |
| Source of classification or shelving scheme | Damaged status | Not for loan | Home library | Current library | Shelving location | Date of accession | Total Checkouts | Full call number | Barcode | Checked out | Date last seen | Date checked out | Copy number | Koha item type |
|---|---|---|---|---|---|---|---|---|---|---|---|---|---|---|
| Dewey Decimal Classification | JCC Rouf Library | JCC Rouf Library | General Stacks | 12/30/2017 | 5 | 823.912 STA | 8247 | 11/30/2025 | 11/05/2025 | 11/05/2025 | C-1 | Books |